000 00884 a2200253 4500
003 CBULib
005 20240129073254.0
008 240129b |||||||| |||| 00| 0 eng d
040 _bEnglish
_cCBULib
_erda
041 _aeng
050 _aCBU-PG THESIS/HAN
100 _aHanyinda, Jane
_92190
245 _aAn investigation on the effect of a pandemic on revenue collection, the case of Covid-19 and Zambia revenue authority (ZRA)
_c/ by Jane Hanyinda
260 _bCopperbelt University,
_c2023
_aKitwe :
300 _a73 pages : colour illustrations
336 _2rdacontent
_aText |
_btxt
337 _2rdamedia
_aUnmediated |
_bn
338 _2rdacarrier
_aVolume
_bnc
500 _aincludes bibliographical references and appendices
650 0 _91680
_aCOVID-19
650 0 _92191
_aREVENUE COLLECTION
650 0 _92192
_aZAMBIA REVENUE AUTHORITY (ZRA)
942 _2lcc
_c030
999 _c84162
_d84162